000 00439nam a2200169Ia 4500
999 _c137
_d137
003 OSt
005 20210901124721.0
008 190216s9999||||xx |||||||||||||| ||und||
040 _coclc
082 _a297
_bISI/M
100 _aIsik, Huseyn Hilmi
_92165
245 0 _aMiftahul Falah /
_cHuseyn Hilmi Isik
260 _bHuseyan Isik,
300 _a85p
650 _aArabic
942 _cBK
_2ddc
_h297
_iISI/M
_k297
_mISI/M